000 00348 a2200157 4500
001 58123
020 _a8571648433
040 _cAnchieta - Pituba
100 _aPessoa, Fernando
240 1 0 _aFicções do interlúdio
_lpor
245 1 0 _aFicções do interlúdio
300 _a274
362 0 _a1998
650 4 _aPoesia portuguesa
942 _cBK
999 _c58123
_d58123